000 00547nam a2200181Ia 4500
999 _c14743
_d14743
003 OSt
005 20201021121440.0
008 190216s9999||||xx |||||||||||||| ||und||
020 _a9780195623727
040 _coclc
082 _a822.1
_bKAR/T
100 _aKarnad, Girish
_95303
245 0 _aThree Modern Indian Plays /
_cGirish Karnad ; Badal Sircar ; Vijay Tendulkar
260 _bOxford University Press ,
_c2011.
_aNew Delhi:
300 _a78p
650 _aEnglish
942 _cBK
_2ddc
_h822.1
_iKAR/T
_k822.1
_mKAR/T